[Event "POL-chT U20 1st League"]
[Site "Chotowa"]
[Date "2025.06.21"]
[Round "8.15"]
[White "Witczak, Borys"]
[Black "Rutkowski, Feliks"]
[Result "1-0"]
[WhiteElo "1967"]
[BlackElo "1995"]
[PlyCount "121"]
[EventDate "2025.06.14"]
[EventType "team-swiss"]
[EventRounds "9"]
[EventCountry "POL"]
[SourceTitle "CB26_2025"]
[SourceDate "2025.06.25"]
[SourceVersion "1"]
[SourceVersionDate "2025.06.25"]
[SourceQuality "1"]
[WhiteTeam "Czestochowa Hetman"]
[BlackTeam "Chylice Laura"]
[WhiteTeamCountry "POL"]
[BlackTeamCountry "POL"]

1. d4 Nf6 2. c4 e6 3. Nc3 d5 4. cxd5 exd5 5. Bg5 c6 6. e3 Be7 7. Bd3 0-0 8. Qc2 h6 9. Bh4 a5 10. Nf3 Nbd7 11. 0-0 Re8 12. Bg3 Bf8 13. Rad1 b6 14. Nh4 Nh5 15. Nf5 Nxg3 16. Nxg3 Nf6 17. Qd2 b5 18. a4 b4 19. Nce2 Bd7 20. Bc2 Rc8 21. Qd3 g6 22. Nf4 Bg7 23. Bb3 h5 24. Rc1 Bh6 25. Bc2 Bxf4 26. exf4 h4 27. Ne2 Bf5 28. Qd1 Ne4 29. g4 Bd7 30. f3 Nd6 31. b3 Re3 32. Qd2 Qe7 33. Kf2 Re8 34. Rce1 Bc8 35. Nc1 Rxe1 36. Rxe1 Qxe1+ 37. Qxe1 Rxe1 38. Kxe1 Ba6 39. Kf2 Kg7 40. Bd3 Bxd3 41. Nxd3 Nb7 42. Kg2 f6 43. Kh3 g5 44. fxg5 fxg5 45. f4 Kf6 46. Ne5 gxf4 47. Nxc6 Kg5 48. Ne5 Nd6 49. Nf3+ Kg6 50. Kxh4 Ne4 51. g5 Nf2 52. Ne5+ Kg7 53. Nc6 f3 54. Ne5 Kh7 55. Nxf3 Nd3 56. Kg4 Nc1 57. Nd2 Ne2 58. Kf5 Nxd4+ 59. Ke5 Nc2 60. Kxd5 Kg6 61. h4 1-0

[Event "Katowice rapid op"]
[Site "Katowice"]
[Date "2025.05.31"]
[Round "6"]
[White "Galyga, Zbigniew"]
[Black "Rutkowski, Feliks"]
[Result "0-1"]
[WhiteElo "1956"]
[BlackElo "1748"]
[PlyCount "84"]
[EventDate "2025.05.31"]
[EventType "swiss"]
[EventRounds "11"]
[EventCountry "POL"]
[SourceTitle "CB24_2025"]
[SourceDate "2025.06.11"]
[SourceVersion "1"]
[SourceVersionDate "2025.06.11"]
[SourceQuality "1"]

1. b3 d5 2. Bb2 Nf6 3. e3 Bf5 4. f4 e6 5. Nf3 h6 6. Be2 Be7 7. 0-0 0-0 8. d3 c5 9. Ne5 Nbd7 10. Nd2 Bh7 11. Bf3 Nxe5 12. fxe5 Nd7 13. Bg4 Qc7 14. Nf3 Rac8 15. c4 dxc4 16. bxc4 Rfd8 17. Qe2 Nb6 18. Rfd1 Na4 19. Rab1 Nxb2 20. Rxb2 Rd7 21. Rbd2 Qc6 22. Qf1 Qa4 23. Ne1 Bg5 24. Qf2 b5 25. Be2 bxc4 26. dxc4 Rcd8 27. Rd6 Be7 28. Bh5 Bxd6 29. Rxd6 g6 30. Be2 Rxd6 31. exd6 Rxd6 32. h3 Qxa2 33. Qf3 Rd8 34. Kh2 a5 35. Nd3 Qa1 36. Nf4 a4 37. g4 a3 38. h4 a2 39. h5 Qg7 40. hxg6 Bxg6 41. Nxg6 fxg6 42. Qf1 a1Q 0-1

[Event "Arco op 46th"]
[Site "Arco"]
[Date "2024.10.08"]
[Round "4"]
[White "Rutkowski, Feliks"]
[Black "Fehr, Axel"]
[Result "1-0"]
[WhiteElo "1850"]
[BlackElo "2021"]
[PlyCount "113"]
[EventDate "2024.10.05"]
[EventType "swiss"]
[EventRounds "9"]
[EventCountry "ITA"]
[SourceTitle "CB44_2024"]
[Source "Chessbase"]
[SourceDate "2024.10.30"]
[SourceVersion "1"]
[SourceVersionDate "2024.10.30"]
[SourceQuality "1"]

1. c4 Nf6 2. Nc3 g6 3. g3 c6 4. e4 d5 5. cxd5 cxd5 6. e5 d4 7. exf6 dxc3 8. dxc3 Qxd1+ 9. Kxd1 exf6 10. Be3 Nc6 11. Bd3 Be6 12. Ne2 0-0-0 13. Kc2 Bd5 14. Rhd1 Bf3 15. Rd2 Bd6 16. Nd4 Nxd4+ 17. Bxd4 Be5 18. Bxa7 Rd6 19. Bc5 Rd5 20. Be3 Rhd8 21. Re1 b5 22. a3 Kc7 23. Bf1 Kc6 24. Kc1 h5 25. Be2 Bxe2 26. Rexe2 f5 27. Rxd5 Rxd5 28. Rd2 Rxd2 29. Kxd2 Kd5 30. Kd3 h4 31. b3 h3 32. a4 bxa4 33. bxa4 Bc7 34. Bf4 Bb6 35. Be3 Bc7 36. c4+ Kc6 37. Bg5 Bb6 38. Be3 Bc7 39. Ke2 Be5 40. Kf3 f6 41. Ke2 Bc3 42. f4 Kd6 43. Kf3 Ke6 44. Bb6 Kd6 45. g4 Be1 46. gxf5 gxf5 47. Bf2 Bd2 48. Kg3 Kc6 49. Kxh3 Bxf4 50. Kg2 Kb7 51. h4 Ka6 52. Kf3 Bh6 53. Be3 Bf8 54. h5 Ka5 55. h6 Bxh6 56. Bxh6 Kb4 57. a5 1-0

[Event "Wch U10"]
[Site "Batumi"]
[Date "2022.09.20"]
[Round "5"]
[White "Rutkowski, Feliks"]
[Black "Batbaatar, Baatarbileg"]
[Result "0-1"]
[WhiteElo "1352"]
[BlackElo "1711"]
[PlyCount "44"]
[EventDate "2022.09.16"]
[EventType "swiss"]
[EventRounds "11"]
[EventCountry "GEO"]
[SourceTitle "EXT 2023"]
[Source "ChessBase"]
[SourceDate "2022.10.05"]
[SourceVersion "1"]
[SourceVersionDate "2022.10.05"]
[SourceQuality "1"]

1. c4 Nf6 2. g3 g6 3. Bg2 Bg7 4. Nc3 c5 5. e4 Nc6 6. Nge2 0-0 7. 0-0 d6 8. d3 a6 9. h3 Rb8 10. f4 Nd4 11. Nxd4 cxd4 12. Nd5 Nd7 13. Nb4 a5 14. Nc2 b5 15. cxb5 Rxb5 16. Na3 Rc5 17. Nc4 Ba6 18. b3 Nb6 19. Nxb6 Qxb6 20. Bb2 Rfc8 21. Rf2 Qc7 22. Rc1 e5 0-1

[Event "EU-ch Schools U11"]
[Site "Rhodes"]
[Date "2022.04.22"]
[Round "2"]
[White "Rutkowski, Feliks"]
[Black "Celik, Ali Alper"]
[Result "1/2-1/2"]
[WhiteElo "1300"]
[BlackElo "1534"]
[PlyCount "91"]
[EventDate "2022.04.21"]
[EventType "swiss"]
[EventRounds "9"]
[EventCountry "GRE"]
[SourceTitle "CBM 208 Extra"]
[Source "ChessBase"]
[SourceDate "2022.07.31"]
[SourceVersion "1"]
[SourceVersionDate "2022.07.31"]
[SourceQuality "1"]

1. e4 e6 2. d4 d5 3. e5 c5 4. c3 Qb6 5. Nf3 Nc6 6. a3 c4 7. Be2 Bd7 8. Nbd2 Na5 9. 0-0 Ne7 10. Re1 Nc8 11. Rb1 Qc7 12. Ng5 h6 13. Nh3 Nb6 14. Bg4 g6 15. Qf3 Be7 16. Qg3 0-0-0 17. Bd1 Rdg8 18. b4 cxb3 19. Nxb3 Nac4 20. Nd2 a6 21. Nxc4 Nxc4 22. a4 g5 23. Re2 Nb6 24. Reb2 Nxa4 25. Rxb7 Qxb7 26. Rxb7 Kxb7 27. c4 Nb6 28. c5 Nc4 29. Qb3+ Bb5 30. Be2 Kc6 31. Bxc4 dxc4 32. Qf3+ Kc7 33. Qxf7 Kd7 34. d5 exd5 35. Qxd5+ Kc7 36. Qf7 Rd8 37. g3 Rd1+ 38. Kg2 Bc6+ 39. f3 Re8 40. Qxc4 Rf8 41. Ng1 a5 42. Qc3 Ra8 43. Qb3 Re1 44. Qc3 Rd1 45. Qb3 Re1 46. Qc3 1/2-1/2

[Event "EU-ch Hybrid U10"]
[Site "Tornelo INT"]
[Date "2021.10.15"]
[Round "6"]
[White "Rutkowski, Feliks"]
[Black "Rosa, Jose Lourenco Jesus"]
[Result "1-0"]
[WhiteElo "1100"]
[BlackElo "1269"]
[PlyCount "57"]
[EventDate "2021.10.15"]
[EventType "swiss"]
[EventRounds "9"]
[EventCountry "NET"]
[SourceTitle "EXT 2023"]
[Source "ChessBase"]
[SourceDate "2022.10.05"]
[SourceVersion "1"]
[SourceVersionDate "2022.10.05"]
[SourceQuality "1"]
[WhiteTeam "Poland"]
[BlackTeam "Portugal"]
[WhiteTeamCountry "POL"]
[BlackTeamCountry "POR"]

1. e4 c5 2. Nf3 g6 3. d4 cxd4 4. Nxd4 Nc6 5. Nc3 Bg7 6. Nb3 Nf6 7. Be3 0-0 8. Be2 d6 9. f3 Bd7 10. Qd2 a6 11. h4 b5 12. a3 Rc8 13. g4 Ne5 14. Bh6 Nc4 15. Bxc4 Rxc4 16. h5 Qb6 17. hxg6 fxg6 18. 0-0-0 a5 19. Bxg7 Kxg7 20. Qh6+ Kg8 21. g5 Nh5 22. Nd5 Qd8 23. Rxh5 gxh5 24. g6 hxg6 25. Qxg6+ Kh8 26. Rh1 Rxc2+ 27. Kxc2 Qc8+ 28. Kb1 Bh3 29. Qxh5+ 1-0

[Event "POL-ch U10"]
[Site "Jastrzebia Gora"]
[Date "2021.??.??"]
[Round "7"]
[White "Rutkowski, Feliks"]
[Black "Hlubek, Tymoteusz"]
[Result "1/2-1/2"]
[WhiteElo "1167"]
[BlackElo "1036"]
[PlyCount "60"]
[EventDate "2021.02.28"]
[EventType "swiss"]
[EventRounds "9"]
[EventCountry "POL"]
[SourceTitle "EXT 2022"]
[Source "ChessBase"]
[SourceDate "2021.10.06"]
[SourceVersion "1"]
[SourceVersionDate "2021.10.06"]
[SourceQuality "1"]

1. e4 c6 2. d4 d5 3. e5 Bf5 4. Bd3 Bxd3 5. Qxd3 e6 6. Nf3 Ne7 7. Bg5 Qb6 8. Nc3 Qa6 9. Qd2 Nd7 10. h4 h6 11. Bf4 Nb6 12. b3 Ng6 13. Ne2 Nd7 14. g4 c5 15. h5 Ne7 16. Bg3 Nc6 17. c3 Be7 18. g5 cxd4 19. Nexd4 Nxd4 20. cxd4 Qb6 21. 0-0-0 Rc8+ 22. Kb1 Bb4 23. Qf4 Ba3 24. Qe3 Qc6 25. Qd2 a5 26. gxh6 Rxh6 27. Bf4 Bb4 28. Qc1 Qxc1+ 29. Rxc1 Rxc1+ 30. Bxc1 Rh8 1/2-1/2

[Event "POL-ch U10"]
[Site "Jastrzebia Gora"]
[Date "2021.??.??"]
[Round "3"]
[White "Rutkowski, Feliks"]
[Black "Romero Sobas, Jakub"]
[Result "1-0"]
[WhiteElo "1167"]
[BlackElo "1033"]
[PlyCount "51"]
[EventDate "2021.02.28"]
[EventType "swiss"]
[EventRounds "9"]
[EventCountry "POL"]
[SourceTitle "EXT 2022"]
[Source "ChessBase"]
[SourceDate "2021.10.06"]
[SourceVersion "1"]
[SourceVersionDate "2021.10.06"]
[SourceQuality "1"]

1. e4 c5 2. Nf3 d6 3. d4 cxd4 4. Nxd4 Nf6 5. Nc3 g6 6. Be2 Bg7 7. Be3 0-0 8. f3 Nc6 9. Nb3 Bd7 10. Qd2 Rc8 11. h4 Ne5 12. Bh6 a6 13. 0-0-0 b5 14. g4 a5 15. h5 Qb6 16. hxg6 fxg6 17. Bxg7 Kxg7 18. Qh6+ Kf7 19. g5 Qe3+ 20. Kb1 Nh5 21. Qxh7+ Ke8 22. Nd5 Qxg5 23. Rdg1 Rf7 24. Qg8+ Rf8 25. Qxf8+ Kxf8 26. Rxg5 1-0